Norwegians - Sudden Death - Statistics

General Stats
  • This quiz has been taken 375 times
    126 since last reset
  • The average score is 9 of 15
Answers on the Grid
Answers color-coded by a green-red scale on the quiz's grid according to % correct below.
Stieg Larsson
Edvard Grieg
Mads Mikkelsen
Roald Amundsen
Jean Sibelius
Edvard Munch
Astrid Lindgren
Fridtjof Nansen
Niels Bohr
Eiður Guðjohnsen
Magnus Carlsen
Jens Stoltenberg
Alvar Aalto
Thor Heyerdahl
Søren Kierkegaard
Marit Bjørgen
Lars von Trier
Björk
Erling Haaland
Ole Gunnar Solskjær
Morten Harket
Henrik Ibsen
Linus Torvalds
Ole Einar Bjørndalen
Kimi Räikkönen
Connie Nielsen
Nikolaj Coster-Waldau
Liv Ullmann
Peter Schmeichel
Knut Hamsun
 
Answer Stats
Answer % Correct
Roald Amundsen
72%
Edvard Munch
69%
Edvard Grieg
67%
Erling Haaland
67%
Ole Gunnar Solskjær
60%
Henrik Ibsen
59%
Fridtjof Nansen
58%
Magnus Carlsen
57%
Thor Heyerdahl
57%
Jens Stoltenberg
55%
Ole Einar Bjørndalen
55%
Knut Hamsun
52%
Marit Bjørgen
52%
Morten Harket
46%
Liv Ullmann
35%
No matching quizzes found
Score Distribution
Percent of People with Each Score
Percentile by Number Answered
Your Score History
You have not taken this quiz since the last reset